| 000 | 01214nam a22002417a 4500 | ||
|---|---|---|---|
| 003 | AM-YeHGA | ||
| 005 | 20250617153040.0 | ||
| 008 | 170523b xxu||||| |||| 00| 0 rus d | ||
| 040 | _aAM-YeHGA | ||
| 041 | 0 | _arus | |
| 100 | 1 | _aБогославский, Юрий Николаевич | |
| 245 | 1 | 0 |
_aХроматографические постоянные в газовой хроматографии. _bУглеводороды и кислородсодержащие соединения : Справочник / _cЮ.Н. Богословский, Б.И. Анваер, М.С. Вигдергауз |
| 246 | 3 | 0 | _aУглеводороды и кислородсодержащие соединения |
| 260 |
_aМосква : _bИзд-во стандартов, _c1978. |
||
| 300 |
_a191 с.; _bтабл. |
||
| 440 | _aГосударственная служба стандартных справочных данных | ||
| 504 | _aБиблиогр.: с. 179-189 | ||
| 653 | 0 | _aХроматография - Справочники | |
| 700 | 1 | _aАнваер, Борис Исаакович | |
| 700 | 1 | _aВигдергауз, Марк Соломонович | |
| 942 |
_2ddc _cBK |
||
| 090 | _c385066 | ||
| 999 |
_c383105 _d383105 |
||